Ratio of momentum diffusivity to thermal diffusivity : introduction, meta-analysis, and scrutinization
Gardado en:
| Formato: | Libro |
|---|---|
| Idioma: | inglés |
| Publicado: |
CRC Press
2022
|
| Tags: |
Engadir etiqueta
Sen Etiquetas, Sexa o primeiro en etiquetar este rexistro!
|
MARC
| LEADER | 00000nam a22000007a 4500 | ||
|---|---|---|---|
| 008 | 240627b |||||||| |||| 00| 0 eng d | ||
| 020 | |a 9781032108520 | ||
| 245 | |a Ratio of momentum diffusivity to thermal diffusivity |b : introduction, meta-analysis, and scrutinization |c Isacc Lare Animasaun...(et al) |g xxiii, 385p;ill | ||
| 250 | |c Animasaun, Isaac Lare | ||
| 260 | |b CRC Press |c 2022 |h Boca Raton, FL |i 702441 |i 702442 |l TA418.52R18 |m Materials- Thermal properties |m Thermal diffusivity | ||
| 500 | |a it includes bibliographical references and index | ||
| 942 | |a lcc |c BK |e Johnson |f 26/06/24 | ||
| 952 | |0 0 |1 0 |2 lcc |4 0 |6 TA041852 R18 |7 0 |9 5332 |a TL |b HOL |c QZ |d 2024-06-27 |l 0 |o TA418.52R18 |p 2024-0573 |r 2024-06-27 00:00:00 |t 702441 |w 2024-06-27 |y BK | ||
| 952 | |0 0 |1 0 |2 lcc |4 0 |6 TA041852 R18 |7 0 |9 5333 |a HOL |b HOL |c QZ |d 2024-06-27 |l 0 |o TA418.52R18 |p 2024-0574 |r 2024-06-27 00:00:00 |t 702442 |w 2024-06-27 |y BK | ||
| 999 | |c 2642 |d 2642 | ||